[Event "Montcalm 7 2024-25"]
[Site "Quebec CAN"]
[Date "2025.05.29"]
[Round "5"]
[White "Sauve, Richard"]
[Black "Vaillant, Charles-Etienne"]
[Result "0-1"]
[WhiteElo "1842"]
[BlackElo "1883"]
[WhiteFideId "-1"]
[WhiteFideId "-1"]
[PlyCount "86"]
[GameId "2183595119831521"]
[EventDate "2025.05.01"]
[EventType "swiss"]
[EventRounds "5"]
[EventCountry "CAN"]

1. d4 d5 2. c4 c6 3. e3 Nf6 4. Nf3 e6 5. b3 Nbd7 6. Bd3 Bd6 7. Bb2 O-O 8. O-O Qe7 9. Ne5 c5 10. Nd2 cxd4 11. exd4 dxc4 12. Ndxc4 Nb6 13. Nxd6 Qxd6 14. Rc1 Nbd5 15. Qf3 Bd7 16. Rc5 b6 17. Rcc1 Rfd8 18. Rfe1 Be8 19. h4 h5 20. g3 a5 21. a3 Rac8 22. Rc4 b5 23. Rcc1 Qb8 24. Bf1 a4 25. b4 Rxc1 26. Rxc1 Rc8 27. Rc5 g6 28. Qe2 Ne7 29. Qc2 Nfd5 30. Bg2 Kg7 31. Qe2 Kg8 32. Qd3 f6 33. Nf3 Rd8 34. Bh3 Nf5 35. Bxf5 exf5 36. Qe2 Qd6 37. Bc1 f4 38. Rxd5 Qxd5 39. Bxf4 Bc6 40. Qe7 Re8 41. Qxf6 Re1+ 42. Kh2 Rh1+ 43. Kxh1 Qxf3+ 0-1

[Event "Montcalm 7 2024-25"]
[Site "Quebec CAN"]
[Date "2025.05.29"]
[Round "5"]
[White "Savard, Alexandre"]
[Black "Tremblay, Charles"]
[Result "1/2-1/2"]
[WhiteElo "1780"]
[BlackElo "1465"]
[WhiteFideId "-1"]
[WhiteFideId "-1"]
[PlyCount "91"]
[GameId "2183595119831524"]
[EventDate "2025.05.01"]
[EventType "swiss"]
[EventRounds "5"]
[EventCountry "CAN"]

1. c4 Nf6 2. g3 e6 3. Bg2 c6 4. Nf3 d5 5. O-O Bd6 6. d4 Nbd7 7. Nc3 O-O 8. Re1 dxc4 9. Nd2 Nb6 10. e4 e5 11. dxe5 Bxe5 12. Qe2 Bg4 13. f3 Be6 14. f4 Bxc3 15. bxc3 Qd3 16. Qxd3 cxd3 17. f5 Bc4 18. a4 Ba6 19. Ba3 Rfe8 20. a5 Nc4 21. Nxc4 Bxc4 22. Bc5 d2 23. Red1 Nxe4 24. Bxe4 Rxe4 25. Rxd2 Re5 26. Rad1 Rd5 27. Rxd5 cxd5 28. Re1 Bb5 29. Re7 Bc6 30. Rc7 a6 31. Kf2 Re8 32. Re7 Rxe7 33. Bxe7 f6 34. Ke3 Kf7 35. Bc5 Bd7 36. Kf4 Bb5 37. Bd6 Bd3 38. Bc5 Ke8 39. h4 Kf7 40. Bd6 h5 41. Bc5 Be4 42. Bd6 Bd3 43. Bc5 Be4 44. Bb6 Bd3 45. Bd4 Bb5 46. Bb6 1/2-1/2

[Event "Montcalm-ch"]
[Site "Quebec CAN"]
[Date "2025.05.01"]
[Round "1"]
[White "Berube, Antoine"]
[Black "Duguay-Piron, Simon"]
[Result "1-0"]
[WhiteElo "2155"]
[BlackElo "1876"]
[WhiteFideId "-1"]
[WhiteFideId "-1"]
[PlyCount "75"]
[GameId "2173549900769691"]
[EventDate "2025.05.01"]
[EventType "tourn"]
[EventRounds "5"]
[EventCountry "CAN"]

1. d4 Nf6 2. c4 e6 3. Nf3 d5 4. g3 Be7 5. Bg2 O-O 6. O-O dxc4 7. Qc2 a6 8. a4 Bd7 9. Qxc4 Bc6 10. Bf4 Nbd7 11. Nc3 Nb6 12. Qb3 Nbd5 13. Bd2 Nxc3 14. bxc3 Rb8 15. c4 b5 16. cxb5 axb5 17. a5 Qc8 18. Rfc1 Bd5 19. Qb2 Qb7 20. a6 Qb6 21. Ba5 Qxa6 22. Bb4 Qb7 23. Bxe7 Rfc8 24. Bxf6 gxf6 25. Qb4 Ra8 26. Ne1 Bxg2 27. Nxg2 e5 28. Rxa8 Rxa8 29. dxe5 Ra4 30. Qe7 fxe5 31. Ne3 Qe4 32. Qd8+ Kg7 33. Qg5+ Kf8 34. Nf5 Ra8 35. Qg7+ Ke8 36. Qg8+ Kd7 37. Qxf7+ Kd8 38. Qxc7+ 1-0

[Event "Montcalm-ch"]
[Site "Quebec CAN"]
[Date "2025.05.01"]
[Round "1"]
[White "Bourassa, Samuel"]
[Black "Barrera, Eduardo"]
[Result "1-0"]
[WhiteElo "1942"]
[BlackElo "1970"]
[WhiteFideId "-1"]
[WhiteFideId "-1"]
[PlyCount "87"]
[GameId "2173549900786076"]
[EventDate "2025.05.01"]
[EventType "tourn"]
[EventRounds "5"]
[EventCountry "CAN"]

1. e4 c5 2. Nc3 d6 3. g3 Nc6 4. Bg2 g6 5. d3 Bg7 6. Be3 Nf6 7. h3 Rb8 8. a4 O-O 9. Qd2 a6 10. f4 Ne8 11. Nf3 Qb6 12. Rb1 Qb4 13. O-O e6 14. f5 exf5 15. exf5 Bxf5 16. Bh6 Nd4 17. Nh4 Be6 18. Bxg7 Kxg7 19. g4 Bd7 20. Rf2 Bxa4 21. Re1 Nc7 22. Qf4 Rbd8 23. Qf6+ Kg8 24. Re7 Ne8 25. Qg5 Rd7 26. Nd5 Qa5 27. Qh6 Qd8 28. Rxe8 Rxe8 29. Nf6+ Qxf6 30. Rxf6 Bxc2 31. Bf1 Re1 32. Kf2 Rb1 33. Qe3 Rxb2 34. Kg3 Kg7 35. Rf2 a5 36. Qe8 Rc7 37. Qd8 Ne6 38. Qxd6 Kg8 39. Bg2 Rc8 40. Qd7 Rf8 41. Bd5 Nd8 42. Qe7 a4 43. Qxc5 Nc6 44. Rxc2 1-0

[Event "Montcalm-ch"]
[Site "Quebec CAN"]
[Date "2025.05.01"]
[Round "1"]
[White "Drolet, Stephane"]
[Black "Dube, Dominic"]
[Result "1/2-1/2"]
[WhiteElo "1990"]
[BlackElo "1793"]
[WhiteFideId "-1"]
[WhiteFideId "-1"]
[PlyCount "91"]
[GameId "2173549900790173"]
[EventDate "2025.05.01"]
[EventType "tourn"]
[EventRounds "5"]
[EventCountry "CAN"]

1. d4 c6 2. Nf3 d5 3. Bf4 h6 4. e3 Bf5 5. c4 e6 6. Qb3 b6 7. cxd5 exd5 8. Nc3 Bd6 9. Ne5 Ne7 10. e4 Be6 11. exd5 Nxd5 12. Nxd5 Bxd5 13. Bc4 O-O 14. Bxd5 cxd5 15. O-O Bxe5 16. dxe5 Nc6 17. Rad1 d4 18. Qg3 Kh8 19. Qh3 Kh7 20. Qf5+ Kh8 21. Qe4 Qe8 22. Rfe1 Qe6 23. a3 Rfd8 24. Bg3 Qd5 25. Rd3 Qxe4 26. Rxe4 Rd5 27. f4 Rad8 28. Bf2 a5 29. Kf1 b5 30. Ke2 b4 31. a4 Kg8 32. Kf3 Rc5 33. Re2 b3 34. Rxb3 Rc4 35. Rb6 d3 36. Rd2 Nb4 37. Rd6 Rdc8 38. Be3 Nc2 39. b3 Rc3 40. Rb6 Nb4 41. Rb5 Rxb3 42. Rxa5 Rc2 43. Rb5 Rbb2 44. Rxb4 Rxb4 45. Rxd3 Rxa4 46. h4 1/2-1/2

[Event "Montcalm-ch"]
[Site "Quebec CAN"]
[Date "2025.05.08"]
[Round "2"]
[White "Barrera, Eduardo"]
[Black "Drolet, Stephane"]
[Result "0-1"]
[WhiteElo "1970"]
[BlackElo "1990"]
[WhiteFideId "-1"]
[WhiteFideId "-1"]
[PlyCount "32"]
[GameId "2176048015451465"]
[EventDate "2025.05.01"]
[EventType "tourn"]
[EventRounds "5"]
[EventCountry "CAN"]

1. e4 e5 2. Nf3 Nf6 3. Nxe5 Nxe4 4. d4 Qe7 5. Qe2 d6 6. Qxe4 dxe5 7. dxe5 Nc6 8. Bb5 Bd7 9. O-O O-O-O 10. f4 Qc5+ 11. Be3 Qxb5 12. Nc3 Qb4 13. Qf3 Bc5 14. Nd5 Bxe3+ 15. Qxe3 Qd4 16. Ne7+ Kb8 0-1

[Event "Montcalm-ch"]
[Site "Quebec CAN"]
[Date "2025.05.08"]
[Round "2"]
[White "Berube, Antoine"]
[Black "Bourassa, Samuel"]
[Result "1-0"]
[WhiteElo "2155"]
[BlackElo "1942"]
[WhiteFideId "-1"]
[WhiteFideId "-1"]
[PlyCount "47"]
[GameId "2176048015447368"]
[EventDate "2025.05.01"]
[EventType "tourn"]
[EventRounds "5"]
[EventCountry "CAN"]

1. d4 e6 2. c4 f5 3. g3 Nf6 4. Bg2 d5 5. Nf3 c6 6. O-O Bd6 7. Nc3 O-O 8. Qc2 b6 9. Rd1 Nbd7 10. cxd5 cxd5 11. Nb5 Bb8 12. Qc6 a6 13. Qxa8 axb5 14. Qc6 Qe7 15. Qxb5 Ne4 16. Bf4 Bxf4 17. gxf4 g5 18. fxg5 Nxg5 19. Nxg5 Qxg5 20. Rac1 Kh8 21. Kh1 Nf6 22. Bf3 Qh4 23. Qb4 Re8 24. Qd6 1-0

[Event "Montcalm-ch"]
[Site "Quebec CAN"]
[Date "2025.05.08"]
[Round "2"]
[White "Duguay-Piron, Simon"]
[Black "Dube, Dominic"]
[Result "1-0"]
[WhiteElo "1876"]
[BlackElo "1793"]
[WhiteFideId "-1"]
[WhiteFideId "-1"]
[PlyCount "71"]
[GameId "2176048015451466"]
[EventDate "2025.05.01"]
[EventType "tourn"]
[EventRounds "5"]
[EventCountry "CAN"]

1. e4 c6 2. Nc3 d5 3. Nf3 Bg4 4. h3 Bxf3 5. Qxf3 e6 6. g3 Nd7 7. Bg2 Ngf6 8. d3 Bc5 9. Bd2 b5 10. exd5 exd5 11. O-O O-O 12. Rfe1 Qb6 13. a4 a6 14. Bf4 Bb4 15. Re2 Rac8 16. Nd1 Rfe8 17. c3 Rxe2 18. Qxe2 Re8 19. Qd2 Bc5 20. b4 Bf8 21. g4 Ne5 22. Nb2 Ng6 23. Be3 Qb8 24. axb5 axb5 25. Nd1 Bd6 26. Bd4 Nf4 27. Ne3 Nxg2 28. Kxg2 Be5 29. Nf5 Bf4 30. Qd1 Re6 31. Qf3 g6 32. Bxf6 Rxf6 33. Qxf4 Qf8 34. Qh6 Qxh6 35. Nxh6+ Kg7 36. g5 1-0

[Event "Montcalm-ch"]
[Site "Quebec CAN"]
[Date "2025.05.15"]
[Round "3"]
[White "Bourassa, Samuel"]
[Black "Duguay-Piron, Simon"]
[Result "1-0"]
[WhiteElo "1942"]
[BlackElo "1876"]
[WhiteFideId "-1"]
[WhiteFideId "-1"]
[PlyCount "57"]
[GameId "2178586517471353"]
[EventDate "2025.05.01"]
[EventType "tourn"]
[EventRounds "5"]
[EventCountry "CAN"]

1. e4 c5 2. Nc3 Nc6 3. g3 g6 4. Bg2 Bg7 5. d3 d6 6. f4 Nf6 7. Nh3 Rb8 8. O-O O-O 9. Ne2 Qc7 10. c3 b5 11. Nf2 b4 12. c4 Ne8 13. g4 Qa5 14. f5 b3 15. a3 Qd8 16. Nf4 Nc7 17. Rb1 Nd4 18. Nh1 e5 19. Ne2 Bd7 20. g5 f6 21. Nxd4 cxd4 22. Qg4 Be8 23. h4 Kh8 24. Rf3 Rb7 25. Rh3 Bf7 26. Ng3 Qe8 27. h5 gxf5 28. exf5 Rb6 29. h6 1-0

[Event "Montcalm-ch"]
[Site "Quebec CAN"]
[Date "2025.05.15"]
[Round "3"]
[White "Drolet, Stephane"]
[Black "Berube, Antoine"]
[Result "0-1"]
[WhiteElo "1990"]
[BlackElo "2155"]
[WhiteFideId "-1"]
[WhiteFideId "-1"]
[PlyCount "80"]
[GameId "2178586517426296"]
[EventDate "2025.05.01"]
[EventType "tourn"]
[EventRounds "5"]
[EventCountry "CAN"]

1. e4 c5 2. Nf3 Nc6 3. Bb5 Nf6 4. e5 Nd5 5. Bxc6 dxc6 6. O-O Bg4 7. d3 e6 8. Re1 Be7 9. Nbd2 Bh5 10. Ne4 Nb4 11. a3 Bxf3 12. gxf3 Nd5 13. c4 Nc7 14. Be3 Na6 15. Qe2 Qc7 16. f4 b6 17. Rad1 O-O-O 18. Kh1 Nb8 19. b4 cxb4 20. c5 bxa3 21. Nd6+ Bxd6 22. exd6 Qb7 23. Qd2 b5 24. Qb4 h5 25. Bd4 h4 26. Ra1 Rh5 27. Qxa3 a6 28. Bxg7 Rf5 29. Be5 f6 30. Bd4 Qf7 31. Qb3 Rd5 32. Be3 Qh7 33. Ra3 Rg8 34. Qd1 b4 35. Rb3 a5 36. Qb1 Qh5 37. Qd1 Qxd1 38. Rxd1 Na6 39. d4 Nxc5 40. Rbb1 Ne4 0-1

[Event "Montcalm-ch"]
[Site "Quebec CAN"]
[Date "2025.05.15"]
[Round "3"]
[White "Dube, Dominic"]
[Black "Barrera, Eduardo"]
[Result "0-1"]
[WhiteElo "1793"]
[BlackElo "1970"]
[WhiteFideId "-1"]
[WhiteFideId "-1"]
[PlyCount "88"]
[GameId "2178586517471354"]
[EventDate "2025.05.01"]
[EventType "tourn"]
[EventRounds "5"]
[EventCountry "CAN"]

1. e4 c5 2. Nf3 d6 3. Bc4 e6 4. Nc3 a6 5. a4 Nc6 6. d4 cxd4 7. Nxd4 Nf6 8. Be3 Be7 9. O-O O-O 10. f3 Qc7 11. Qe2 Rd8 12. Rad1 d5 13. exd5 exd5 14. Bd3 Bd6 15. g3 Re8 16. Qf2 Rxe3 17. Qxe3 Nxd4 18. Kg2 Nc6 19. Ne2 Be6 20. Ng1 Re8 21. Qf2 Qa5 22. b3 Ne5 23. f4 Neg4 24. Qe1 Ne3+ 25. Kh1 Qxe1 26. Rdxe1 Nxf1 27. Bxf1 Ne4 28. Kg2 Rc8 29. Bd3 Bb4 30. Rf1 Nc5 31. Be2 Bf5 32. Bd1 Ne6 33. Bf3 Rxc2+ 34. Kh1 Be4 35. f5 Ng5 36. Bxe4 Nxe4 37. Nf3 f6 38. Nd4 Rd2 39. Ne6 Rf2 40. Rc1 Bc3 41. Nf4 d4 42. Kg1 Rb2 43. Ne6 Rxb3 44. Kg2 Rb2+ 0-1

[Event "Montcalm-ch"]
[Site "Quebec CAN"]
[Date "2025.05.22"]
[Round "4"]
[White "Berube, Antoine"]
[Black "Dube, Dominic"]
[Result "1-0"]
[WhiteElo "2155"]
[BlackElo "1793"]
[WhiteFideId "-1"]
[WhiteFideId "-1"]
[PlyCount "49"]
[GameId "2181048608653928"]
[EventDate "2025.05.01"]
[EventType "tourn"]
[EventRounds "5"]
[EventCountry "CAN"]

1. c4 c6 2. Nf3 d5 3. e3 Bg4 4. Qb3 b6 5. Ne5 Be6 6. d4 f6 7. Nf3 Nd7 8. Nc3 dxc4 9. Bxc4 Bxc4 10. Qxc4 Rc8 11. O-O Nh6 12. e4 Nf7 13. e5 b5 14. Qe6 Qc7 15. Re1 Nd8 16. Qh3 e6 17. exf6 Nxf6 18. Ng5 Qd7 19. Nce4 Bb4 20. Re2 Qxd4 21. Nxf6+ gxf6 22. Rxe6+ Be7 23. Be3 Qxb2 24. Rxe7+ Kxe7 25. Bc5+ 1-0

[Event "Montcalm-ch"]
[Site "Quebec CAN"]
[Date "2025.05.22"]
[Round "4"]
[White "Bourassa, Samuel"]
[Black "Drolet, Stephane"]
[Result "1-0"]
[WhiteElo "1942"]
[BlackElo "1990"]
[WhiteFideId "-1"]
[WhiteFideId "-1"]
[PlyCount "125"]
[GameId "2181048608653929"]
[EventDate "2025.05.01"]
[EventType "tourn"]
[EventRounds "5"]
[EventCountry "CAN"]

1. e4 c5 2. Nc3 e6 3. g3 d5 4. Bg2 d4 5. Nce2 e5 6. d3 Nc6 7. f4 Bd6 8. Nf3 Nge7 9. O-O f6 10. f5 g5 11. Nxg5 fxg5 12. Bxg5 Qb6 13. f6 Ng6 14. f7+ Kd7 15. Bf6 Rf8 16. Bg7 Kc7 17. Bxf8 Bxf8 18. Qc1 Bg4 19. Bf3 Be6 20. Bh5 Nce7 21. c3 Kd7 22. Rf2 Rc8 23. Qd2 Qa5 24. a3 Qa4 25. Rc1 Qa5 26. Kg2 Bg7 27. Rcf1 Rf8 28. Ng1 Qd8 29. Nh3 h6 30. Ng5 Rh8 31. Nxe6 Kxe6 32. Qd1 Kd6 33. Rf6+ Bxf6 34. Rxf6+ Kc7 35. Bxg6 Nd5 36. Rf3 Ne3+ 37. Rxe3 dxe3 38. Qf1 Qd6 39. Bh5 Rf8 40. Qe2 Qb6 41. b4 cxb4 42. axb4 Kd8 43. c4 Qxb4 44. Qxe3 a5 45. Qxh6 Kc7 46. Qe6 Qc5 47. Qe8 b5 48. cxb5 Kb6 49. Bd1 Qd6 50. Bb3 Kc7 51. b6+ Kxb6 52. Bc4 Qc5 53. Qe6+ Kc7 54. g4 a4 55. g5 Rb8 56. Kg3 Qe3+ 57. Kg4 Qf4+ 58. Kh5 Qxh2+ 59. Kg6 Qh8 60. Qe7+ Kc6 61. Qf6+ Qxf6+ 62. Kxf6 Kc5 63. g6 1-0

[Event "Montcalm-ch"]
[Site "Quebec CAN"]
[Date "2025.05.22"]
[Round "4"]
[White "Duguay-Piron, Simon"]
[Black "Barrera, Eduardo"]
[Result "0-1"]
[WhiteElo "1876"]
[BlackElo "1970"]
[WhiteFideId "-1"]
[WhiteFideId "-1"]
[PlyCount "106"]
[GameId "2181048608662122"]
[EventDate "2025.05.01"]
[EventType "tourn"]
[EventRounds "5"]
[EventCountry "CAN"]

1. e4 c5 2. Nf3 d6 3. d4 cxd4 4. Nxd4 Nf6 5. Nc3 a6 6. a4 e5 7. Nf3 Be7 8. Bc4 O-O 9. h3 Nbd7 10. O-O Nc5 11. Qe2 Qc7 12. Bg5 Ne6 13. Be3 Bd7 14. a5 Rac8 15. Bd5 Bd8 16. Rfc1 h6 17. Qd3 Qb8 18. Nd2 Nc7 19. Bc4 Be7 20. Rd1 Bc6 21. f4 Nd7 22. f5 Rfd8 23. Bb6 Nxb6 24. axb6 Na8 25. Qe3 d5 26. exd5 Bxd5 27. Qe2 Nxb6 28. Bxd5 Nxd5 29. Nxd5 Rxd5 30. Ne4 Rcd8 31. Rxd5 Rxd5 32. Qg4 Qd8 33. Rf1 Bf6 34. c3 Kf8 35. b4 b6 36. Ra1 a5 37. bxa5 bxa5 38. Qe2 Qb6+ 39. Kh1 Qc6 40. c4 Rd4 41. Nxf6 gxf6 42. Rxa5 Rxc4 43. Qd2 Kg7 44. Qf2 Rc3 45. Kh2 e4 46. Ra1 Qc7+ 47. Kg1 e3 48. Qf3 Rc1+ 49. Rxc1 Qxc1+ 50. Kh2 Qc5 51. Qg4+ Kf8 52. Qh5 Qe5+ 53. Kg1 e2 0-1

[Event "Montcalm-ch"]
[Site "Quebec CAN"]
[Date "2025.05.29"]
[Round "5"]
[White "Barrera, Eduardo"]
[Black "Berube, Antoine"]
[Result "1/2-1/2"]
[WhiteElo "1970"]
[BlackElo "2155"]
[WhiteFideId "-1"]
[WhiteFideId "-1"]
[PlyCount "102"]
[GameId "2183595119831517"]
[EventDate "2025.05.01"]
[EventType "tourn"]
[EventRounds "5"]
[EventCountry "CAN"]

1. e4 c5 2. Nf3 Nc6 3. d4 cxd4 4. Nxd4 e5 5. Nb5 d6 6. N1c3 a6 7. Na3 Be7 8. Nc4 b5 9. Ne3 Nf6 10. Bd3 O-O 11. a4 b4 12. Ncd5 a5 13. O-O Nxd5 14. Nxd5 Be6 15. Bc4 Rb8 16. c3 Bg5 17. Bb5 Na7 18. c4 Nc8 19. Qh5 Bxc1 20. Raxc1 Bxd5 21. cxd5 Ne7 22. Bd3 Qd7 23. b3 Rbc8 24. Qg5 Rxc1 25. Rxc1 Rc8 26. Rxc8+ Nxc8 27. Qc1 Ne7 28. Qc4 g6 29. Qb5 Qxb5 30. Bxb5 f5 31. f3 fxe4 32. fxe4 Kf8 33. Bd7 Ng8 34. Bg4 Nf6 35. Bf3 Nd7 36. Bd1 Nf6 37. Bf3 Ke7 38. Kf2 Nd7 39. Bd1 Nc5 40. Bc2 Kd8 41. Kg3 Nd7 42. Kg4 h6 43. Kf3 Kc7 44. Ke3 Kb6 45. Kd3 Kc5 46. Bd1 Nf6 47. Bf3 g5 48. g3 g4 49. Bd1 h5 50. Ke3 Kb6 51. Be2 Kc5 1/2-1/2

[Event "Montcalm-ch"]
[Site "Quebec CAN"]
[Date "2025.05.29"]
[Round "5"]
[White "Drolet, Stephane"]
[Black "Duguay-Piron, Simon"]
[Result "0-1"]
[WhiteElo "1990"]
[BlackElo "1876"]
[WhiteFideId "-1"]
[WhiteFideId "-1"]
[PlyCount "72"]
[GameId "2183595119831519"]
[EventDate "2025.05.01"]
[EventType "tourn"]
[EventRounds "5"]
[EventCountry "CAN"]

1. e4 c5 2. Nc3 Nc6 3. Bb5 Nd4 4. Nf3 g6 5. Nxd4 cxd4 6. Ne2 Bg7 7. O-O a6 8. Bc4 e6 9. d3 Ne7 10. Bg5 h6 11. Bxe7 Qxe7 12. f4 d6 13. f5 exf5 14. Ng3 f4 15. Rxf4 Be6 16. Bxe6 Qxe6 17. Nf1 O-O 18. a4 Rac8 19. a5 Rc5 20. b4 Rh5 21. h3 Rg5 22. Rg4 Rb5 23. Rb1 Be5 24. h4 h5 25. Rg5 Kh7 26. c4 dxc3 27. d4 f6 28. Rxh5+ gxh5 29. Qxh5+ Kg7 30. dxe5 Rxe5 31. Qf3 c2 32. Rc1 Qc4 33. Ng3 Qd4+ 34. Kh2 Qd2 35. Qf1 Rh8 36. Kh3 Qg5 0-1

[Event "Montcalm-ch"]
[Site "Quebec CAN"]
[Date "2025.05.29"]
[Round "5"]
[White "Dube, Dominic"]
[Black "Bourassa, Samuel"]
[Result "0-1"]
[WhiteElo "1793"]
[BlackElo "1942"]
[WhiteFideId "-1"]
[WhiteFideId "-1"]
[PlyCount "148"]
[GameId "2183595119831518"]
[EventDate "2025.05.01"]
[EventType "tourn"]
[EventRounds "5"]
[EventCountry "CAN"]

1. e4 c5 2. Nf3 Nc6 3. d4 cxd4 4. Nxd4 g6 5. Be3 Bg7 6. c3 Nf6 7. f3 O-O 8. Nd2 e5 9. Nb5 d5 10. Bc5 Re8 11. Nd6 Re6 12. exd5 Nxd5 13. N2e4 Nb6 14. Bxb6 Qxb6 15. Qd2 Re7 16. Bc4 Be6 17. O-O-O Na5 18. Bxe6 Rxe6 19. Qf2 Bh6+ 20. Kb1 Be3 21. Qe2 f5 22. Ng3 Bc5 23. Nc4 Nxc4 24. Qxc4 Rae8 25. Rd5 Bd6 26. Rhd1 Kg7 27. Qa4 R8e7 28. Qh4 Rc7 29. Qg5 Rf7 30. Qd2 Be7 31. Rd7 h6 32. Qd5 Bf6 33. Qc4 Ree7 34. R7d6 Qf2 35. R6d2 Qe3 36. Qc8 Rc7 37. Qe8 Rce7 38. Qb8 e4 39. Re2 Qb6 40. Kc2 exf3 41. gxf3 Rxe2+ 42. Nxe2 Qf2 43. Rd2 Qxf3 44. Qxa7 Bg5 45. Qd4+ Kh7 46. Qd5 Qxd5 47. Rxd5 f4 48. Rd4 f3 49. Ng3 Bf4 50. Nf1 g5 51. Kd3 g4 52. Ke4 Kg6 53. Rd5 Bc7 54. a4 Rf4+ 55. Kd3 Rxa4 56. Rd7 Bf4 57. Rxb7 h5 58. b4 Ra1 59. Rb6+ Kg5 60. Rb5+ Kh4 61. Ne3 Bxh2 62. Rf5 Bg1 63. Nc2 Rd1+ 64. Ke4 Rd2 65. Nd4 Bxd4 66. cxd4 Kg3 67. Rxh5 Kg2 68. Rf5 f2 69. Ke3 Rb2 70. d5 g3 71. d6 Rb3+ 72. Ke2 Rxb4 73. d7 Rd4 74. Rf7 Rxd7 0-1

[Event "Montreal CC-ch"]
[Site "Montreal CAN"]
[Date "2025.06.13"]
[Round "1.1"]
[White "Zheng, Richard"]
[Black "Daly, Jean"]
[Result "1-0"]
[WhiteElo "2370"]
[BlackElo "1432"]
[WhiteFideId "-1"]
[WhiteFideId "-1"]
[PlyCount "100"]
[GameId "2190426689577005"]
[EventDate "2025.06.13"]
[EventType "swiss"]
[EventRounds "5"]
[EventCountry "CAN"]

1. d4 Nf6 2. Bg5 e6 3. e4 Be7 4. e5 Nd5 5. Bxe7 Qxe7 6. c4 Qb4+ 7. Nd2 Ne7 8. Ngf3 Qxb2 9. Bd3 Nf5 10. Bxf5 exf5 11. O-O O-O 12. Qa4 Qb6 13. Rab1 Qc6 14. Qc2 d5 15. Rfc1 Na6 16. Qc3 Be6 17. c5 Rfb8 18. Qa3 h6 19. Nb3 Bc8 20. Na5 Qe6 21. Qc3 c6 22. Rb2 Qe7 23. Rcb1 Qd7 24. a4 Nc7 25. Nxb7 Nb5 26. axb5 Rxb7 27. b6 g5 28. Ra1 a6 29. Nd2 Rbb8 30. f4 g4 31. Nb3 Kh7 32. Na5 Bb7 33. Nxb7 Qxb7 34. Qd3 Kg6 35. Rba2 h5 36. Rxa6 Rxa6 37. Qxa6 Qxa6 38. Rxa6 Kg7 39. Ra7 Kf8 40. Rc7 Ra8 41. b7 Ra1+ 42. Kf2 h4 43. b8=Q+ Kg7 44. Qb2 g3+ 45. hxg3 hxg3+ 46. Kxg3 Re1 47. Qb7 Re3+ 48. Kf2 Re4 49. Rxf7+ Kg6 50. Rf6+ Kh5 1-0

[Event "Montreal CC-ch"]
[Site "Montreal CAN"]
[Date "2025.06.13"]
[Round "1.2"]
[White "McMillen, Brydon"]
[Black "Batorshyn, Ilia"]
[Result "0-1"]
[WhiteElo "1432"]
[BlackElo "2337"]
[WhiteFideId "-1"]
[WhiteFideId "-1"]
[PlyCount "56"]
[GameId "2190426689654835"]
[EventDate "2025.06.13"]
[EventType "swiss"]
[EventRounds "5"]
[EventCountry "CAN"]

1. e4 c5 2. Nf3 e6 3. d4 cxd4 4. Nxd4 Nf6 5. Bd3 Nc6 6. Be3 d5 7. exd5 exd5 8. O-O Bd6 9. Re1 O-O 10. Nc3 Ng4 11. h3 Nxe3 12. Rxe3 Nxd4 13. Bxh7+ Kxh7 14. Qxd4 Be6 15. Rd1 Qg5 16. Nxd5 Bxd5 17. Qxd5 Qxd5 18. Rxd5 Rad8 19. Red3 Bc7 20. Rd7 Rc8 21. Re3 Rfd8 22. Red3 Rxd7 23. Rxd7 Kg6 24. f4 Bxf4 25. Rxb7 Rxc2 26. a4 Bg3 27. Kf1 Rf2+ 28. Kg1 Re2 0-1

[Event "Montreal CC-ch"]
[Site "Montreal CAN"]
[Date "2025.06.13"]
[Round "1.3"]
[White "Genzling, Jerome"]
[Black "Milosz, Jerzy"]
[Result "1-0"]
[WhiteElo "2145"]
[BlackElo "1405"]
[WhiteFideId "-1"]
[WhiteFideId "-1"]
[PlyCount "59"]
[GameId "2190426689658932"]
[EventDate "2025.06.13"]
[EventType "swiss"]
[EventRounds "5"]
[EventCountry "CAN"]

1. e4 c6 2. Nf3 d5 3. Nc3 Bg4 4. h3 Bxf3 5. Qxf3 e6 6. Be2 dxe4 7. Nxe4 Nf6 8. O-O Nbd7 9. d3 Nxe4 10. dxe4 Qf6 11. Qg3 e5 12. Rd1 Be7 13. Be3 Nc5 14. f3 Ne6 15. Qf2 Nf4 16. Bc4 Qg6 17. Kh2 b5 18. Bb3 c5 19. Bd5 Rc8 20. a4 b4 21. Bc4 Bd6 22. Bb5+ Ke7 23. Rd2 Rhd8 24. Rad1 a5 25. b3 f5 26. exf5 Qxf5 27. Rxd6 Rxd6 28. Bxc5 Rxc5 29. Qxc5 Qg6 30. Qc7+ 1-0

[Event "Montreal CC-ch"]
[Site "Montreal CAN"]
[Date "2025.06.13"]
[Round "1.4"]
[White "St-Jean, Jerome"]
[Black "Chapdelaine, Gwyn"]
[Result "0-1"]
[WhiteElo "1399"]
[BlackElo "2116"]
[WhiteFideId "-1"]
[WhiteFideId "-1"]
[PlyCount "48"]
[GameId "2190426689663029"]
[EventDate "2025.06.13"]
[EventType "swiss"]
[EventRounds "5"]
[EventCountry "CAN"]

1. d4 d5 2. Nf3 Nf6 3. g3 Bf5 4. Bg2 h6 5. O-O e6 6. Nbd2 Be7 7. c4 Nbd7 8. cxd5 exd5 9. Nh4 Bh7 10. e4 dxe4 11. Re1 O-O 12. Nxe4 Nxe4 13. Bxe4 Bxh4 14. Bxh7+ Kxh7 15. Qd3+ Kh8 16. gxh4 Qxh4 17. Re4 Qh5 18. Qg3 Rae8 19. f3 Rxe4 20. fxe4 Qd1+ 21. Kg2 Qe2+ 22. Kh3 Qxe4 23. Be3 Re8 24. Rg1 Qxe3 0-1

[Event "Montreal CC-ch"]
[Site "Montreal CAN"]
[Date "2025.06.13"]
[Round "1.5"]
[White "Jacquet, Stephane"]
[Black "Ghaleb, Nathan"]
[Result "1-0"]
[WhiteElo "2065"]
[BlackElo "1375"]
[WhiteFideId "-1"]
[WhiteFideId "-1"]
[PlyCount "39"]
[GameId "2190426689663030"]
[EventDate "2025.06.13"]
[EventType "swiss"]
[EventRounds "5"]
[EventCountry "CAN"]

1. d4 f5 2. e4 fxe4 3. Nc3 Nf6 4. Bg5 e6 5. Nxe4 Be7 6. Bxf6 Bxf6 7. Nf3 O-O 8. Bd3 Be7 9. Qe2 a5 10. h4 h6 11. Ng3 d5 12. Ne5 Nc6 13. Qg4 Nxe5 14. dxe5 Qe8 15. Nh5 Qf7 16. O-O-O Rd8 17. Rh3 g5 18. Rf3 Qe8 19. Rf6 Qc6 20. hxg5 1-0

[Event "Montreal CC-ch"]
[Site "Montreal CAN"]
[Date "2025.06.13"]
[Round "1.6"]
[White "St-Laurent, Luc"]
[Black "Ramesan, Raunak"]
[Result "0-1"]
[WhiteElo "1344"]
[BlackElo "2022"]
[WhiteFideId "-1"]
[WhiteFideId "-1"]
[PlyCount "54"]
[GameId "2190426689765431"]
[EventDate "2025.06.13"]
[EventType "swiss"]
[EventRounds "5"]
[EventCountry "CAN"]

1. d4 Nf6 2. Nf3 d5 3. g3 Bg4 4. Bg2 e6 5. h3 Bf5 6. c4 c6 7. Nc3 h6 8. Qb3 Qb6 9. c5 Qxb3 10. axb3 Na6 11. Bf4 Be7 12. g4 Bh7 13. O-O O-O 14. Ra4 Nd7 15. Rc1 f6 16. b4 e5 17. Bg3 Nc7 18. dxe5 Ne6 19. exf6 Bxf6 20. e3 a6 21. Ra2 Rf7 22. Ne2 Raf8 23. Bd6 Be7 24. Bg3 Rxf3 25. Bxf3 Rxf3 26. Bf4 Nxf4 27. Nxf4 g5 0-1

[Event "Montreal CC-ch"]
[Site "Montreal CAN"]
[Date "2025.06.13"]
[Round "1.7"]
[White "Lima-Barbosa, Raphael"]
[Black "Dubois, Mathieu"]
[Result "1-0"]
[WhiteElo "1999"]
[BlackElo "1333"]
[WhiteFideId "-1"]
[WhiteFideId "-1"]
[PlyCount "97"]
[GameId "2190426689769528"]
[EventDate "2025.06.13"]
[EventType "swiss"]
[EventRounds "5"]
[EventCountry "CAN"]

1. e4 Nf6 2. e5 Nd5 3. d4 d6 4. Nf3 Bg4 5. Be2 e6 6. O-O Be7 7. c4 Nb6 8. Nc3 Nc6 9. exd6 cxd6 10. b3 d5 11. c5 Nd7 12. Bf4 b6 13. Ba6 bxc5 14. Bb7 Nxd4 15. Nxd4 Bxd1 16. Nc6 Qb6 17. Bxa8 Bh5 18. Nxe7 Kxe7 19. Bxd5 Rd8 20. Bc4 Kf8 21. Rfe1 Nb8 22. Re5 Bg6 23. Na4 Qd6 24. Rd5 exd5 25. Bxd6+ Rxd6 26. Rd1 d4 27. Nxc5 Nc6 28. a3 Ne5 29. Bb5 Bc2 30. Re1 f6 31. f4 d3 32. Ne4 Nf3+ 33. gxf3 d2 34. Nxd2 Rxd2 35. Bc4 g6 36. Re6 f5 37. Rf6+ Ke8 38. Rf7 Bd1 39. Rxa7 Bxf3 40. Rxh7 Bh5 41. a4 Rd4 42. a5 Rxf4 43. a6 Bf3 44. a7 Rg4+ 45. Kf2 Ba8 46. Rh8+ Ke7 47. Rxa8 Rf4+ 48. Ke2 Kd7 49. Rg8 1-0